000 00433nam a2200157 i 4500
001 40108
003 ES-MaACL
005 20230906160138.0
007 t|
008 030305s1967 sp ||||1| spa d
100 1 _aCapdeferro, Marcelo.
_934786
245 1 0 _aHistoria de Cataluña /
_cMarcelo Capdeferro.
260 _aBarcelona :
_bM. y S.,
_c[1967]
300 _a316 p., 18 lám. ;
_c22 cm.
852 _aES-MaACL
_jC-34180
_bR.64819
999 _c40108
_d40108